000 00600nam a2200193Ia 4500
003 GCL
008 140319s9999 xx 000 0 ara d
040 _aGCL /
_cGCL
082 0 4 _a813.03
_bص ت
100 1 _aصلاح منتصر
245 1 0 _aتوفيق الحكيم : فى شهادته الاخيرة /
_cصلاح منتصر
490 _aالهيئة العامة للاستعلامات
_v0
650 0 4 _aالادب العربى
650 0 4 _aتوفيق الحكيم
650 0 4 _aالادب
650 0 4 _aالقصة العربية
650 0 4 _aالادباء العرب
942 _2ddc
_cBK
999 _c48034
_d48034